000 00857nam a22002657a 4500
001 BR7909394
003 BR-BrBNA
005 20230928090506.0
007 ta
008 230509b bl.||||| |||| 00| 0 por d
040 _aBR-BrBNA
_bpor
_cBiblioteca Nacional de Agricultura
041 _a(Por)
072 _aD10
_b/G514
090 _ D10 BR7909394
110 1 _aComissao de Planejamento Agricola de Roraima, Boa Vista (Brasil)
_91998
245 1 _aEstrutura administrativa e programa de trabalho para implantacao e funcionamento da CEPA/RR [Comissao Estadual de Planejamento Agricola, Roraima, Brasil]
260 3 _aBoa Vista, RO (Brasil):
_c[nd].
300 _a14 p.
500 _aPublished after 1978
650 _aPLANEJAMENTO AGRICOLA
650 _aADMINISTRACAO
650 _aRORAIMA
909 _a202309
_bLucia
_c55
_dLucia Elande
942 _cBK
999 _c29064
_d29064